| 000 | 01028nam a22002177a 4500 | ||
|---|---|---|---|
| 005 | 20100716115034.0 | ||
| 008 | 100716t xxu||||| |||| 00| 0 hin d | ||
| 010 | _aHIN-89698 | ||
| 020 |
_a9788176752305 _c250.00 |
||
| 035 | _aHN-62044 | ||
| 037 | _bDBAD / PUB | ||
| 040 |
_aDPL _bHN |
||
| 082 | _a332.1 | ||
| 100 |
_aटंडन, रविनाथ _926143 |
||
| 245 |
_aतुलन पत्र का विश्लेषण एवं कार्यशील पूंजी की आकलन / _cरविनाथ टंडन |
||
| 260 |
_aपंचकूला _bआधार प्रकाशन _c2010 |
||
| 270 |
_aएस.सी.एफ.267, सेक्टर-16 _bपंचकूला _e134113(हरियाणा) _maadhar_prakashan@yahoo.com |
||
| 300 |
_a180पृ _c22सेमी (सजिल्द) |
||
| 942 |
_2ddc _cHN _mटंडन |
||
| 999 |
_c37006 _d37006 |
||